Normal view
MARC view
- England--Dartmouth
Entry Topical Term
001 - CONTROL NUMBER
- control field: 82261
003 - CONTROL NUMBER IDENTIFIER
- control field: NUST
005 - DATE AND TIME OF LATEST TRANSACTION
- control field: 20210908115500.0
008 - FIXED-LENGTH DATA ELEMENTS
- fixed length control field: 210908|| aca||aabn | a|a d
040 ## - CATALOGING SOURCE
- Original cataloging agency: NUST
- Transcribing agency: NUST
150 ## - HEADING--TOPICAL TERM
- Topical term or geographic name entry element: England--Dartmouth
670 ## - SOURCE DATA FOUND
- Source citation: Work cat.: (NUST): Parks, Adele 82260, Whatever it takes /, 2012
